Diálogo sobre la participación: I
Furkejuvvon:
| Searvvušdahkki: | |
|---|---|
| Materiálatiipa: | Texto |
| Almmustuhtton: |
Ginebra :
|
| Fáddágilkorat: |
Lasit fáddágilkoriid
Eai fáddágilkorat, Lasit vuosttaš fáddágilkora!
|
MARC
| LEADER | 00000 a a2200000 04500 | ||
|---|---|---|---|
| 001 | 14000 | ||
| 003 | |||
| 040 | |||
| 090 | |a EXTRAVIADO | ||
| 110 | |a UNRISD. Programa de Participación Popular | ||
| 245 | |a Diálogo sobre la participación: I | ||
| 260 | |a Ginebra : | ||
| 300 | |a 94 p. | ||
| 999 | |c 1210 |d 1210 | ||
